Statistics for Popular abbreviations

Click here to take the quiz!

General Stats

  • This quiz has been taken 53 times
  • The average score is 6 of 9

Answer Stats

HintAnswer% Correct
LOLlaugh out loud
94%
BRBbe right back
89%
GTGgot to go
87%
TBHto be honest
85%
WTHwhat the hell
83%
LYSMlove you so much
55%
BAEBefore anyone else
40%
YWyou're welcome
40%
CBAcan't be arsed
21%

Score Distribution

Percentile by Number Answered

Percent of People with Each Score

Your Score History

You have not taken this quiz